[Event "Terme Krka OPEN 2018"]
[Site "Otocec"]
[Date "2018.12.25"]
[Round "3"]
[White "Hocevar, Tim"]
[Black "Vicic, Mark"]
[Result "1-0"]
[WhiteElo "1207"]
[BlackElo "1507"]
[PlyCount "139"]
[EventDate "2018.12.25"]

1. e4 c5 2. Nf3 d6 3. Bb5+ Bd7 4. Bxd7+ Qxd7 5. Nc3 g6 6. b3 Bg7 7. Bb2 Nf6 8.
d4 cxd4 9. Nxd4 O-O 10. O-O Nc6 11. f3 Rac8 12. Nxc6 Rxc6 13. Ne2 Qc7 14. c4
Rd8 15. Bxf6 Bxf6 16. Rc1 Qa5 17. a4 Qb6+ 18. Kh1 e6 19. Nc3 Qb4 20. Qc2 d5 21.
Na2 Qb6 22. c5 Qc7 23. Nb4 Rc8 24. Nxc6 Qxc6 25. exd5 exd5 26. b4 b6 27. b5
Qxc5 28. Qxc5 Rxc5 29. Rxc5 bxc5 30. Rb1 d4 31. Rc1 Be7 32. a5 d3 33. b6 axb6
34. axb6 Kf8 35. b7 Bd6 36. b8=Q+ Bxb8 37. Rxc5 Bf4 38. Rd5 d2 39. Kg1 Ke7 40.
g3 Bd6 41. Rd3 Bc7 42. Rxd2 f5 43. Re2+ Kf6 44. Kg2 h6 45. Rc2 Be5 46. Rc6+ Kf7
47. g4 Bf6 48. Rc7+ Kg8 49. Rd7 fxg4 50. fxg4 Bg7 51. h4 Kh7 52. h5 gxh5 53.
gxh5 Kg8 54. Kf3 Kf8 55. Kf4 Bf6 56. Kf5 Bg5 57. Kg6 Ke8 58. Rh7 Kf8 59. Rh8+
Ke7 60. Rg8 Kd7 61. Kf7 Kd6 62. Rxg5 hxg5 63. h6 g4 64. h7 Ke5 65. h8=Q+ Kf4
66. Qh1 g3 67. Qg2 Kg4 68. Kg6 Kf4 69. Kh5 Kf5 70. Qxg3 1-0

[Event "Terme Krka OPEN 2018"]
[Site "Otocec"]
[Date "2018.12.25"]
[Round "3"]
[White "Janko, Marko"]
[Black "Bevc Taranis, Tin"]
[Result "1-0"]
[WhiteElo "1484"]
[BlackElo "1050"]
[PlyCount "101"]
[EventDate "2018.12.25"]

1. e4 e5 2. Nf3 Nc6 3. Bc4 Bc5 4. c3 Nf6 5. d3 h6 6. Be3 Bb6 7. Nbd2 d6 8. Bb3
Be6 9. Nf1 Qd7 10. Ng3 Qe7 11. Bc2 Qd7 12. Nh4 Ne7 13. Ba4 c6 14. d4 exd4 15.
cxd4 Ba5+ 16. Bd2 Bxd2+ 17. Qxd2 b5 18. Bc2 Ng6 19. Nhf5 O-O 20. O-O d5 21. f3
Qc7 22. Qf2 Rac8 23. Bb3 c5 24. dxc5 Qxc5 25. h4 Qxf2+ 26. Rxf2 dxe4 27. fxe4
Bxf5 28. Nxf5 Nxe4 29. Re2 Nf6 30. Rf1 Rce8 31. Ref2 Re5 32. Nxh6+ gxh6 33.
Rxf6 Re7 34. Rxg6+ Kh7 35. Rgf6 Kg7 36. R6f5 f6 37. Rxb5 Rfe8 38. Rb4 a5 39.
Rg4+ Kh8 40. Rxf6 Re1+ 41. Kh2 R1e7 42. Bf7 Rxf7 43. Rxf7 Rg8 44. Rxg8+ Kxg8
45. Rc7 Kf8 46. g4 Ke8 47. g5 hxg5 48. hxg5 Kd8 49. Rf7 Ke8 50. g6 a4 51. a3
1-0

[Event "Terme Krka OPEN 2018"]
[Site "Otocec"]
[Date "2018.12.25"]
[Round "3"]
[White "Kobe, Jure"]
[Black "Lavrencic, Matic"]
[Result "1/2-1/2"]
[WhiteElo "1434"]
[BlackElo "1305"]
[PlyCount "74"]
[EventDate "2018.12.25"]

1. e4 c5 2. Nf3 e6 3. d4 cxd4 4. Nxd4 Nf6 5. Nc3 d6 6. Be3 a6 7. f3 Nc6 8. Qd2
Be7 9. O-O-O O-O 10. g4 Nxd4 11. Bxd4 b5 12. h4 b4 13. Nb1 Qa5 14. a3 d5 15. e5
Nd7 16. g5 Rb8 17. h5 Qc7 18. f4 bxa3 19. Nxa3 Qb7 20. Qc3 Nb6 21. Bxb6 Qxb6
22. g6 Bd7 23. gxf7+ Kxf7 24. Nc4 Qc7 25. Nd6+ Bxd6 26. exd6 Qxd6 27. Qd4 Rb4
28. c4 Qe7 29. Rg1 Qf6 30. Qxf6+ Kxf6 31. cxd5 Rc8+ 32. Kb1 exd5 33. Rxd5 Bf5+
34. Bd3 Bxd3+ 35. Rxd3 Rxf4 36. Rd6+ Kf7 37. Rxa6 Rc7 1/2-1/2

[Event "Terme Krka OPEN 2018"]
[Site "Otocec"]
[Date "2018.12.25"]
[Round "3"]
[White "Siraj, Svit"]
[Black "Kastrevec, Andrej"]
[Result "1-0"]
[WhiteElo "1671"]
[BlackElo "1159"]
[PlyCount "95"]
[EventDate "2018.12.25"]

1. d4 d5 2. Bf4 Nf6 3. Nf3 Bf5 4. c4 e6 5. Nc3 Bb4 6. a3 Bxc3+ 7. bxc3 Nbd7 8.
e3 Nh5 9. Bg5 Nhf6 10. cxd5 exd5 11. Ne5 Qc8 12. Nxd7 Nxd7 13. c4 h6 14. Bh4 g5
15. Bg3 c6 16. Rc1 Qd8 17. cxd5 Qa5+ 18. Qd2 Qxd5 19. f3 Bg6 20. Bc4 Qf5 21. e4
Qf6 22. O-O h5 23. f4 gxf4 24. Rxf4 Qg5 25. Bh4 Qh6 26. Rcf1 O-O 27. Qf2 Qh7
28. Be7 b5 29. Bxf8 Rxf8 30. Ba2 a6 31. Qg3 Qg7 32. e5 c5 33. e6 fxe6 34. Bxe6+
Kh7 35. Rxf8 Nxf8 36. Bf5 Qxd4+ 37. Qf2 Qe5 38. Bxg6+ Nxg6 39. h3 a5 40. Re1
Qd5 41. Qf6 b4 42. Re6 Qd1+ 43. Kh2 Qd3 44. axb4 axb4 45. Qg5 Qd7 46. Qxg6+ Kh8
47. Qh6+ Kg8 48. Rg6+ 1-0

[Event "Terme Krka OPEN 2018"]
[Site "Otocec"]
[Date "2018.12.25"]
[Round "3"]
[White "Jelen, Luka"]
[Black "Levstik, Taja"]
[Result "1-0"]
[WhiteElo "1373"]
[BlackElo "1588"]
[PlyCount "41"]
[EventDate "2018.12.25"]

1. e4 e5 2. Nf3 Nc6 3. Bc4 Nf6 4. d3 d5 5. exd5 Nd4 6. Nxe5 Bd6 7. Nf3 b5 8.
Nxd4 bxc4 9. dxc4 O-O 10. O-O c6 11. Nxc6 Qd7 12. Nc3 Bc7 13. Re1 Qd6 14. g3
Bg4 15. Qd3 Bh3 16. Bf4 Qc5 17. Bxc7 Ng4 18. Ne4 Ne5 19. Nxe5 Qxc7 20. Ng5 Bc8
21. Qxh7# 1-0

[Event "Terme Krka OPEN 2018"]
[Site "Otocec"]
[Date "2018.12.25"]
[Round "3"]
[White "Brinovar, Rosa"]
[Black "Jelen, Anja"]
[Result "0-1"]
[WhiteElo "1575"]
[BlackElo "1240"]
[PlyCount "110"]
[EventDate "2018.12.25"]

1. e4 e5 2. Bc4 Nf6 3. d3 Nc6 4. Bg5 Bc5 5. Nf3 h6 6. Bh4 d6 7. O-O Bg4 8. h3
Bh5 9. Nc3 Nd4 10. Nxd4 Bxd1 11. Raxd1 Bxd4 12. Nd5 c6 13. Nxf6+ gxf6 14. c3
Bb6 15. Rfe1 d5 16. exd5 cxd5 17. Bb5+ Kf8 18. c4 dxc4 19. dxc4 Qe7 20. Rd7 Qc5
21. Rd5 Qe7 22. Red1 Kg7 23. Rd7 Qe6 24. R1d6 Qf5 25. Bxf6+ Qxf6 26. Rxf6 Kxf6
27. Rd6+ Ke7 28. Rd7+ Ke6 29. Rxb7 Rab8 30. Bd7+ Kd6 31. Rxb8 Rxb8 32. b4 Kxd7
33. c5 Bc7 34. a3 Kc6 35. g4 e4 36. h4 Rg8 37. g5 hxg5 38. h5 Rh8 39. a4 a6 40.
Kf1 Rxh5 41. Ke2 Rh3 42. Kd2 a5 43. bxa5 Bxa5+ 44. Ke2 Kxc5 45. Kf1 e3 46. fxe3
Rxe3 47. Kf2 Kd4 48. Kf1 Rb3 49. Ke2 g4 50. Kf2 Rf3+ 51. Kg2 Ke3 52. Kg1 Rf2
53. Kh1 Kf3 54. Kg1 Kg3 55. Kh1 Rf1# 0-1

[Event "Terme Krka OPEN 2018"]
[Site "Otocec"]
[Date "2018.12.25"]
[Round "3"]
[White "Hocevar, Nick"]
[Black "Sumak, Klemen"]
[Result "1-0"]
[WhiteElo "1133"]
[BlackElo "1569"]
[PlyCount "33"]
[EventDate "2018.12.25"]

1. e4 e5 2. Nf3 Nc6 3. Bc4 Bc5 4. Nc3 Nf6 5. O-O O-O 6. d3 d6 7. Bg5 h6 8. Bh4
Bg4 9. Nd5 Nb4 10. Nxf6+ gxf6 11. c3 Nc6 12. h3 Bh5 13. Qd2 Bxf3 14. gxf3 Na5
15. Qxh6 d5 16. Bxf6 Bd6 17. Qg7# 1-0

[Event "Terme Krka OPEN 2018"]
[Site "Otocec"]
[Date "2018.12.25"]
[Round "3"]
[White "Potocar, Nika"]
[Black "Coz, Jera"]
[Result "1-0"]
[WhiteElo "1046"]
[BlackElo "1482"]
[PlyCount "99"]
[EventDate "2018.12.25"]

1. e4 e6 2. Nc3 Be7 3. Nf3 Nf6 4. Bc4 d5 5. Bd3 O-O 6. O-O dxe4 7. Bxe4 Nxe4 8.
Nxe4 f5 9. Nc3 Nc6 10. d3 Bd7 11. Bf4 b6 12. Qd2 Nd4 13. Nxd4 c5 14. Nf3 a6 15.
Rfe1 b5 16. Bg5 Bxg5 17. Qxg5 Qxg5 18. Nxg5 h6 19. Nxe6 Rfe8 20. Nxc5 Rxe1+ 21.
Rxe1 Bc6 22. a3 a5 23. Ra1 Re8 24. b4 axb4 25. axb4 f4 26. f3 h5 27. Kf2 g5 28.
Ra6 Rc8 29. Ne6 Be8 30. Ra3 Bf7 31. Nxg5 Be8 32. Ne6 Bc6 33. Nxf4 Be8 34. h3 h4
35. Ne6 Rc6 36. Nd4 Rd6 37. Ndxb5 Rb6 38. Ra8 Kf8 39. Nc7 Rd6 40. Nxe8 Re6 41.
Nc7+ Re8 42. Rxe8+ Kf7 43. Ke3 Kg7 44. N3d5 Kh7 45. Re6 Kh8 46. Re7 Kg8 47. Kf4
Kh8 48. Kg5 Kg8 49. Kg6 Kh8 50. Re8# 1-0

[Event "Terme Krka OPEN 2018"]
[Site "Otocec"]
[Date "2018.12.25"]
[Round "3"]
[White "Repar, Domen"]
[Black "Sinur, Zarja"]
[Result "1-0"]
[WhiteElo "1631"]
[BlackElo "1477"]
[PlyCount "103"]
[EventDate "2018.12.25"]

1. e4 c5 2. c3 Nf6 3. e5 Nd5 4. Bc4 Nf4 5. Qf3 Ne6 6. d3 Nc6 7. Be3 Nxe5 8. Qh5
g6 9. Qxe5 Bg7 10. Qd5 Qa5 11. b4 Qa4 12. Bb3 Qa6 13. Bc4 Qd6 14. Qxd6 exd6 15.
Nf3 O-O 16. O-O a6 17. d4 b5 18. Bd5 Bb7 19. Bxb7 Rab8 20. Bxa6 cxd4 21. cxd4
Nc7 22. a4 Nxa6 23. axb5 Nxb4 24. Bf4 Nc2 25. Ra2 Nb4 26. Rb2 Nd3 27. Bxd6 Nxb2
28. Bxb8 Rxb8 29. Nc3 Rc8 30. Rc1 Nd3 31. Rc2 Rc4 32. b6 Rc8 33. d5 Nb4 34. b7
Rb8 35. Nb5 Nxc2 36. Nd6 Bc3 37. Kf1 Bb4 38. Nc4 Ra8 39. bxa8=Q+ Kg7 40. Qa4 h5
41. Qxc2 Bc5 42. Nce5 d6 43. Ke2 dxe5 44. Qxc5 e4 45. Qd4+ f6 46. Qxe4 f5 47.
Qe7+ Kh6 48. Qg5+ Kg7 49. Ne5 Kf8 50. Qxg6 Ke7 51. Qe6+ Kd8 52. Qd7# 1-0